000 00912nam a22002537a 4500
999 _c64831
_d64831
005 20240530110753.0
008 181219s2018 ua g b 000 0 ara d
017 _a2017/17258
_bمصر. دار الكتب
020 _a9789777951357
040 _aEG-CaGPL
_cEG-CaGPL
082 0 4 _221
_a190 /
_bم ف
100 0 _aمصطفى النشار
245 1 0 _aفلسفة القانون واشكالياتها /
_cمصطفى النشار، محمد ممدوح عبدالمجيد
250 _aط.1
260 _aالقاهرة :
_c2018.
300 _a278 ص. ؛
_c24 سم.
504 _aيشتمل على ارجاعات ببليوجرافية
650 0 7 _2qrmak
_aالقانون
_xفلسفة
650 0 7 _2qrmak
_aالقانون الطبيعى
651 _2qrmak
700 0 _aمحمد ممدوح عبدالمجيد
_eمؤلف مشارك
942 _2ddc
_cBK